[Event "Praha"]
[Site "?"]
[Date "2023.01.08"]
[Round "4.6"]
[White "Krasovskiy, Kirill"]
[Black "Neuman, Petr"]
[Result "0-1"]
[BlackElo "2393"]
[WhiteElo "2188"]
[LiveChessVersion "1.4.8"]

1. e4 {[%clk 1:30:57]} c5 {[%clk 1:30:46]} 2. Nf3 {[%clk 1:31:20]} Nc6
{[%clk 1:30:53]} 3. Bb5 {[%clk 1:31:42]} g6 {[%clk 1:31:12]} 4. Bxc6
{[%clk 1:31:55]} dxc6 {[%clk 1:31:38]} 5. d3 {[%clk 1:32:02]} Qc7
{[%clk 1:31:39]} 6. h3 {[%clk 1:31:26]} e5 {[%clk 1:32:00]} 7. Be3
{[%clk 1:30:51]} Nf6 {[%clk 1:32:11]} 8. Qd2 {[%clk 1:29:46]} b6 {[%clk 1:31:56]}
9. O-O {[%clk 1:27:13]} Nh5 {[%clk 1:27:49]} 10. a3 {[%clk 1:24:00]} a5
{[%clk 1:26:42]} 11. Nc3 {[%clk 1:23:24]} f6 {[%clk 1:21:21]} 12. Na4
{[%clk 1:18:49]} Rb8 {[%clk 1:19:37]} 13. c3 {[%clk 1:09:38]} Be7
{[%clk 1:15:30]} 14. b4 {[%clk 1:06:20]} axb4 {[%clk 1:15:05]} 15. axb4
{[%clk 1:04:24]} cxb4 {[%clk 1:15:03]} 16. cxb4 {[%clk 1:04:06]} O-O
{[%clk 1:14:11]} 17. d4 {[%clk 0:58:15]} Nf4 {[%clk 1:10:25]} 18. Rfd1
{[%clk 0:34:40]} g5 {[%clk 1:03:28]} 19. d5 {[%clk 0:28:40]} cxd5
{[%clk 1:01:50]} 20. Bxf4 {[%clk 0:23:11]} gxf4 {[%clk 0:59:06]} 21. Qxd5+
{[%clk 0:23:15]} Kh8 {[%clk 0:59:16]} 22. Rac1 {[%clk 0:21:10]} Qb7
{[%clk 0:57:58]} 23. b5 {[%clk 0:13:48]} Qxd5 {[%clk 0:57:09]} 24. exd5
{[%clk 0:14:13]} Rd8 {[%clk 0:51:43]} 25. d6 {[%clk 0:09:53]} Bxd6
{[%clk 0:50:25]} 26. Rc6 {[%clk 0:09:45]} Be7 {[%clk 0:50:47]} 27. Rdc1
{[%clk 0:07:34]} Bd7 {[%clk 0:49:44]} 28. Rxb6 {[%clk 0:07:37]} Bxb5
{[%clk 0:49:24]} 29. Re6 {[%clk 0:06:05]} Bf8 {[%clk 0:42:20]} 30. Nb6 e4
{[%clk 0:35:15]} 31. Nh4 {[%clk 0:03:21]} e3 {[%clk 0:35:28]} 32. fxe3
{[%clk 0:03:19]} fxe3 {[%clk 0:35:56]} 33. Nf3 {[%clk 0:01:01]} e2
{[%clk 0:36:11]} 34. Kf2 {[%clk 0:00:45]} Rd1 {[%clk 0:35:11]} 35. Rc7
{[%clk 0:01:08]} Bd6 {[%clk 0:26:50]} 36. Nc4 {[%clk 0:01:07]} 0-1

[Event "Praha"]
[Site "?"]
[Date "2023.01.08"]
[Round "4.7"]
[White "Carlsson, Ludvig"]
[Black "Warchol, Kamil"]
[Result "1-0"]
[BlackElo "2163"]
[WhiteElo "2349"]
[LiveChessVersion "1.4.8"]

1. e4 {[%clk 1:30:27]} c5 {[%clk 1:30:35]} 2. Nf3 {[%clk 1:30:45]} e6
{[%clk 1:30:16]} 3. d4 {[%clk 1:31:02]} cxd4 {[%clk 1:30:23]} 4. Nxd4
{[%clk 1:31:15]} Nc6 {[%clk 1:30:15]} 5. Nc3 {[%clk 1:31:14]} Qc7
{[%clk 1:30:02]} 6. Be3 {[%clk 1:31:29]} a6 {[%clk 1:29:18]} 7. Bd3
{[%clk 1:30:10]} b5 {[%clk 1:19:44]} 8. Nxc6 {[%clk 1:30:07]} dxc6
{[%clk 1:11:33]} 9. a4 {[%clk 1:30:25]} b4 {[%clk 1:06:19]} 10. Nb1
{[%clk 1:30:21]} Nf6 {[%clk 0:54:36]} 11. Nd2 {[%clk 1:26:08]} a5
{[%clk 0:49:02]} 12. O-O {[%clk 1:22:34]} Be7 {[%clk 0:41:50]} 13. Nc4
{[%clk 1:13:14]} Rb8 {[%clk 0:35:49]} 14. e5 {[%clk 0:55:57]} Nd5
{[%clk 0:31:03]} 15. Qg4 {[%clk 0:56:16]} g6 {[%clk 0:23:52]} 16. Bh6
{[%clk 0:56:01]} f5 {[%clk 0:19:02]} 17. exf6 {[%clk 0:55:48]} Bxf6
{[%clk 0:17:34]} 18. Rae1 {[%clk 0:49:12]} Bd7 {[%clk 0:13:06]} 19. Qf3
{[%clk 0:44:14]} Ke7 {[%clk 0:08:00]} 20. Re2 {[%clk 0:35:38]} Rhe8
{[%clk 0:06:15]} 21. Rfe1 {[%clk 0:34:54]} Rbc8 {[%clk 0:05:51]} 22. Be4
{[%clk 0:28:57]} Red8 {[%clk 0:05:04]} 23. Kh1 {[%clk 0:22:33]} Re8
{[%clk 0:04:33]} 24. h3 {[%clk 0:19:02]} Red8 {[%clk 0:04:11]} 25. b3
{[%clk 0:19:19]} Ra8 {[%clk 0:02:17]} 26. Bxd5 {[%clk 0:19:10]} cxd5
{[%clk 0:02:45]} 27. Bf4 {[%clk 0:19:31]} Qa7 {[%clk 0:01:20]} 28. Bd6+
{[%clk 0:19:44]} Kf7 {[%clk 0:01:37]} 29. Be5 {[%clk 0:20:05]} dxc4
{[%clk 0:02:01]} 30. Qxf6+ {[%clk 0:20:28]} Ke8 {[%clk 0:02:25]} 31. Qh8+
{[%clk 0:20:28]} Kf7 {[%clk 0:02:19]} 32. Qg7+ {[%clk 0:20:36]} Ke8
{[%clk 0:02:47]} 33. Bd6 {[%clk 0:20:58]} 1-0

[Event "Praha"]
[Site "?"]
[Date "2023.01.08"]
[Round "4.8"]
[White "Garsky, Vladyslav"]
[Black "Ivanov, Mike"]
[Result "1/2-1/2"]
[BlackElo "2319"]
[WhiteElo "2169"]
[LiveChessVersion "1.4.8"]

1. e4 {[%clk 1:27:28]} e6 {[%clk 1:30:53]} 2. d4 {[%clk 1:27:27]} d5
{[%clk 1:31:18]} 3. Nc3 {[%clk 1:27:48]} Bb4 {[%clk 1:30:17]} 4. exd5
{[%clk 1:27:17]} exd5 {[%clk 1:30:38]} 5. Bd3 {[%clk 1:27:38]} Nf6
{[%clk 1:29:17]} 6. Nge2 {[%clk 1:23:59]} O-O {[%clk 1:27:26]} 7. a3 Be7
{[%clk 1:27:47]} 8. O-O {[%clk 1:19:40]} Re8 {[%clk 1:25:58]} 9. Ng3
{[%clk 1:15:39]} Bg4 {[%clk 1:25:26]} 10. f3 {[%clk 1:10:48]} Be6
{[%clk 1:25:49]} 11. Nce2 {[%clk 1:11:06]} c5 {[%clk 1:23:47]} 12. c3
{[%clk 1:08:10]} Nc6 {[%clk 1:23:21]} 13. Be3 {[%clk 1:04:54]} c4
{[%clk 1:04:54]} 14. Bc2 {[%clk 1:04:31]} Bd6 {[%clk 1:05:19]} 15. Qd2
{[%clk 1:02:34]} Qc7 {[%clk 1:01:34]} 16. Bf4 {[%clk 0:48:11]} b5
{[%clk 0:51:57]} 17. Bxd6 {[%clk 0:39:23]} Qxd6 {[%clk 0:52:22]} 18. Nf4
{[%clk 0:39:38]} a5 {[%clk 0:45:02]} 19. Rfe1 {[%clk 0:28:10]} Bd7
{[%clk 0:33:54]} 20. Ngh5 {[%clk 0:24:26]} Nxh5 {[%clk 0:31:40]} 21. Nxh5
{[%clk 0:24:48]} Ne7 {[%clk 0:31:36]} 22. Qg5 {[%clk 0:21:41]} Ng6
{[%clk 0:31:18]} 23. f4 {[%clk 0:21:20]} f6 {[%clk 0:25:25]} 24. Qg3
{[%clk 0:21:45]} Rxe1+ {[%clk 0:25:45]} 25. Rxe1 {[%clk 0:22:07]} Re8
{[%clk 0:26:13]} 26. Rxe8+ {[%clk 0:19:43]} Bxe8 {[%clk 0:26:41]} 27. Qg4
{[%clk 0:14:24]} Qe7 {[%clk 0:25:48]} 28. Kf2 {[%clk 0:14:40]} b4
{[%clk 0:22:00]} 29. axb4 {[%clk 0:14:59]} axb4 {[%clk 0:22:29]} 30. f5
{[%clk 0:14:49]} Nf8 {[%clk 0:14:44]} 31. Nf4 {[%clk 0:15:08]} Bf7
{[%clk 0:14:24]} 32. Qf3 {[%clk 0:12:35]} Qd6 {[%clk 0:11:30]} 33. cxb4
{[%clk 0:10:23]} Qxb4 {[%clk 0:11:24]} 34. Qc3 {[%clk 0:10:49]} Qb6
{[%clk 0:08:53]} 35. Bd1 {[%clk 0:05:41]} g5 {[%clk 0:09:07]} 36. fxg6
{[%clk 0:06:03]} hxg6 {[%clk 0:08:38]} 37. Bf3 {[%clk 0:04:21]} Qd6
{[%clk 0:07:33]} 38. g3 {[%clk 0:04:07]} g5 {[%clk 0:05:47]} 39. Ne2
{[%clk 0:04:31]} Qb6 {[%clk 0:04:41]} 40. Qa3 {[%clk 0:01:17]} Kg7
{[%clk 0:00:38]} 41. Qe7 {[%clk 0:30:03]} Ng6 {[%clk 0:28:34]} 42. Qc5
{[%clk 0:29:29]} Qe6 {[%clk 0:24:54]} 43. Qb5 {[%clk 0:26:15]} Qf5
{[%clk 0:21:44]} 44. Ke3 {[%clk 0:22:11]} Qd3+ {[%clk 0:21:25]} 45. Kf2
{[%clk 0:22:33]} Qf5 {[%clk 0:21:49]} 46. Ke3 {[%clk 0:22:54]} Nf8
{[%clk 0:12:20]} 47. Qb7 {[%clk 0:19:40]} Ng6 {[%clk 0:08:15]} 48. b4
{[%clk 0:10:58]} cxb3 {[%clk 0:05:24]} 49. Qxb3 {[%clk 0:10:29]} Ne7
{[%clk 0:05:36]} 50. Qb6 {[%clk 0:08:15]} Qh3 {[%clk 0:04:56]} 51. Qc7
{[%clk 0:07:53]} Qe6+ {[%clk 0:04:05]} 52. Kf2 {[%clk 0:08:14]} Nf5
{[%clk 0:03:30]} 53. Bh5 {[%clk 0:06:45]} Qe3+ {[%clk 0:02:15]} 54. Ke1
{[%clk 0:06:36]} Nd6 {[%clk 0:01:10]} 55. Qd7 {[%clk 0:05:44]} Qe4
{[%clk 0:00:53]} 56. Bxf7 {[%clk 0:06:03]} Nxf7 {[%clk 0:01:13]} 57. Kf2
{[%clk 0:06:04]} Qh1 {[%clk 0:01:05]} 58. Qh3 {[%clk 0:05:23]} Nd6
{[%clk 0:01:29]} 59. Qd7+ {[%clk 0:05:47]} Nf7 {[%clk 0:01:56]} 60. Qh3
{[%clk 0:06:10]} Qb1 {[%clk 0:01:11]} 61. Qe6 {[%clk 0:06:22]} Nh6
{[%clk 0:00:32]} 62. Qd7+ {[%clk 0:05:14]} Kg6 {[%clk 0:01:01]} 63. Qe8+
{[%clk 0:05:18]} Kg7 {[%clk 0:01:15]} 64. Qd7+ {[%clk 0:05:44]} Kg6
{[%clk 0:01:38]} 1/2-1/2

[Event "Praha"]
[Site "?"]
[Date "2023.01.08"]
[Round "4.9"]
[White "Sorm, Daniel"]
[Black "Shatil, Shir"]
[Result "1/2-1/2"]
[BlackElo "2149"]
[WhiteElo "2302"]
[LiveChessVersion "1.4.8"]

1. d4 {[%clk 1:25:36]} Nf6 {[%clk 1:30:54]} 2. Bf4 {[%clk 1:25:23]} e6
{[%clk 1:31:23]} 3. e3 {[%clk 1:25:39]} c5 {[%clk 1:31:50]} 4. Nf3
{[%clk 1:23:33]} Nc6 {[%clk 1:31:17]} 5. Nbd2 {[%clk 1:21:54]} d5
{[%clk 1:30:35]} 6. c3 {[%clk 1:21:06]} cxd4 {[%clk 1:30:56]} 7. exd4
{[%clk 1:21:09]} Nh5 {[%clk 1:31:20]} 8. Be3 {[%clk 1:13:18]} Bd6
{[%clk 1:31:36]} 9. Ne5 {[%clk 1:13:03]} g6 {[%clk 1:31:44]} 10. Bb5
{[%clk 1:10:37]} Qc7 {[%clk 1:31:39]} 11. g4 {[%clk 1:03:08]} Ng7
{[%clk 1:28:51]} 12. Qa4 {[%clk 0:53:04]} O-O {[%clk 1:22:56]} 13. Nxc6
{[%clk 0:46:16]} bxc6 {[%clk 1:22:22]} 14. Bxc6 {[%clk 0:46:30]} Rb8
{[%clk 1:22:46]} 15. O-O-O {[%clk 0:39:06]} Qb6 {[%clk 0:55:45]} 16. b4
{[%clk 0:31:18]} Ba6 {[%clk 0:36:08]} 17. b5 {[%clk 0:24:01]} Rfc8
{[%clk 0:33:51]} 18. Nb3 {[%clk 0:20:12]} Bb7 {[%clk 0:30:52]} 19. Qa5
{[%clk 0:14:50]} Bxc6 {[%clk 0:25:40]} 20. Qxb6 {[%clk 0:15:15]} Rxb6
{[%clk 0:25:56]} 21. bxc6 {[%clk 0:15:37]} Rbxc6 {[%clk 0:24:17]} 22. Nc5
{[%clk 0:13:09]} e5 {[%clk 0:21:11]} 23. Kb1 {[%clk 0:10:55]} Bxc5
{[%clk 0:16:40]} 24. dxc5 {[%clk 0:11:19]} Rd8 {[%clk 0:16:53]} 25. Rd2
{[%clk 0:09:52]} Ne6 {[%clk 0:13:54]} 1/2-1/2

[Event "Praha"]
[Site "?"]
[Date "2023.01.08"]
[Round "4.10"]
[White "Schneider, Jana"]
[Black "Lorscheid, Gerhard"]
[Result "1-0"]
[BlackElo "2139"]
[WhiteElo "2263"]
[LiveChessVersion "1.4.8"]

1. e4 {[%clk 1:30:52]} d6 {[%clk 1:30:54]} 2. d4 {[%clk 1:31:10]} Nf6
{[%clk 1:31:11]} 3. Nc3 {[%clk 1:31:14]} e5 {[%clk 1:31:35]} 4. Nf3
{[%clk 1:31:29]} Nbd7 {[%clk 1:31:55]} 5. Bc4 {[%clk 1:31:37]} Be7
{[%clk 1:32:20]} 6. O-O {[%clk 1:31:41]} O-O {[%clk 1:32:32]} 7. Re1
{[%clk 1:31:47]} c6 {[%clk 1:32:55]} 8. a4 {[%clk 1:31:23]} h6 {[%clk 1:32:52]}
9. h3 {[%clk 1:25:06]} Re8 {[%clk 1:33:09]} 10. Ba2 {[%clk 1:21:05]} Qc7
{[%clk 1:32:48]} 11. Nh4 {[%clk 1:06:27]} Nf8 {[%clk 1:22:19]} 12. Be3
{[%clk 1:00:11]} Ng4 {[%clk 1:20:22]} 13. hxg4 {[%clk 0:41:35]} Bxh4
{[%clk 1:20:43]} 14. g3 {[%clk 0:33:04]} Bf6 {[%clk 1:20:07]} 15. d5
{[%clk 0:33:27]} c5 {[%clk 1:15:43]} 16. Bc4 {[%clk 0:32:53]} Ng6
{[%clk 1:06:24]} 17. Rf1 {[%clk 0:30:11]} Qe7 {[%clk 0:59:04]} 18. f3
{[%clk 0:25:38]} Bg5 {[%clk 0:52:48]} 19. Bf2 {[%clk 0:25:52]} Nf8
{[%clk 0:51:32]} 20. Bd3 {[%clk 0:24:46]} Bd7 {[%clk 0:46:00]} 21. Kg2
{[%clk 0:24:50]} b6 {[%clk 0:44:07]} 22. Rh1 {[%clk 0:20:33]} Rec8
{[%clk 0:40:22]} 23. b3 {[%clk 0:20:09]} Rcb8 {[%clk 0:36:54]} 24. Qe2
{[%clk 0:18:43]} Bc8 {[%clk 0:33:32]} 25. Rh5 {[%clk 0:18:42]} a6
{[%clk 0:32:59]} 26. Rah1 {[%clk 0:19:05]} Nh7 {[%clk 0:30:21]} 27. Nd1
{[%clk 0:18:14]} Qf8 {[%clk 0:26:46]} 28. Ne3 {[%clk 0:14:59]} g6
{[%clk 0:25:12]} 29. R5h2 {[%clk 0:15:28]} Kg7 {[%clk 0:24:59]} 30. Kg1
{[%clk 0:11:38]} Nf6 {[%clk 0:24:17]} 31. Ng2 {[%clk 0:11:12]} Ng8
{[%clk 0:24:32]} 32. f4 {[%clk 0:08:50]} Bd8 {[%clk 0:24:09]} 33. g5
{[%clk 0:08:40]} hxg5 {[%clk 0:22:36]} 34. Rh7+ {[%clk 0:06:32]} Kf6
{[%clk 0:23:04]} 35. fxg5+ {[%clk 0:06:57]} Ke7 {[%clk 0:23:13]} 36. Be3
{[%clk 0:05:54]} 1-0

[Event "Praha"]
[Site "?"]
[Date "2023.01.08"]
[Round "4.11"]
[White "Sindler, Michal"]
[Black "Goroshkov, Maksym"]
[Result "1/2-1/2"]
[BlackElo "2261"]
[WhiteElo "2141"]
[LiveChessVersion "1.4.8"]

1. e4 {[%clk 1:30:45]} e5 {[%clk 1:25:50]} 2. Nf3 {[%clk 1:30:25]} Nc6
{[%clk 1:25:55]} 3. Bb5 {[%clk 1:30:47]} a6 {[%clk 1:26:21]} 4. Ba4
{[%clk 1:31:10]} Nf6 {[%clk 1:26:45]} 5. O-O {[%clk 1:31:30]} Be7
{[%clk 1:27:11]} 6. Re1 {[%clk 1:31:45]} b5 {[%clk 1:27:37]} 7. Bb3
{[%clk 1:32:09]} O-O {[%clk 1:27:58]} 8. h3 {[%clk 1:31:23]} d6 {[%clk 1:27:08]}
9. c3 {[%clk 1:31:45]} Na5 {[%clk 1:27:29]} 10. Bc2 {[%clk 1:32:08]} c5
{[%clk 1:27:51]} 11. d4 {[%clk 1:32:10]} Nc6 {[%clk 1:28:05]} 12. Nbd2
{[%clk 1:31:13]} Bb7 {[%clk 1:27:36]} 13. d5 {[%clk 1:31:31]} Nb8
{[%clk 1:27:50]} 14. a4 {[%clk 1:31:33]} Nbd7 {[%clk 1:27:46]} 15. b3
{[%clk 1:28:11]} Ne8 {[%clk 1:25:27]} 16. Nf1 {[%clk 1:25:37]} g6
{[%clk 1:23:34]} 17. Ng3 {[%clk 1:24:41]} Bf6 {[%clk 1:22:25]} 18. Bd2
{[%clk 1:20:44]} Bg7 {[%clk 1:22:08]} 19. Qe2 {[%clk 1:20:16]} Nc7
{[%clk 1:21:30]} 20. Bd3 {[%clk 1:15:21]} c4 {[%clk 1:18:34]} 21. bxc4
{[%clk 1:14:13]} bxa4 {[%clk 1:18:59]} 22. Reb1 {[%clk 1:09:46]} Bc8
{[%clk 1:18:26]} 23. Bc2 {[%clk 1:08:23]} Nc5 {[%clk 1:17:00]} 24. Bxa4
{[%clk 1:05:02]} Bd7 {[%clk 1:17:07]} 25. Bxd7 {[%clk 1:01:49]} Qxd7
{[%clk 1:17:29]} 26. Ne1 {[%clk 0:58:52]} Rfb8 {[%clk 1:10:16]} 1/2-1/2

[Event "Praha"]
[Site "?"]
[Date "2023.01.08"]
[Round "4.12"]
[White "Zolfagharian, Kevin"]
[Black "Dudek, Vojtech"]
[Result "0-1"]
[BlackElo "2134"]
[WhiteElo "2227"]
[LiveChessVersion "1.4.8"]

1. Nf3 {[%clk 1:28:24]} Nf6 {[%clk 1:30:46]} 2. c4 {[%clk 1:28:42]} e6
{[%clk 1:30:29]} 3. Nc3 {[%clk 1:28:44]} b6 {[%clk 1:28:57]} 4. b3
{[%clk 1:25:10]} Bb7 {[%clk 1:27:52]} 5. Bb2 {[%clk 1:25:29]} Be7
{[%clk 1:25:23]} 6. Qc2 {[%clk 1:25:15]} d5 {[%clk 1:23:48]} 7. e3
{[%clk 1:25:35]} dxc4 {[%clk 1:20:18]} 8. bxc4 {[%clk 1:24:54]} c5
{[%clk 1:18:34]} 9. Be2 {[%clk 1:24:03]} Nc6 {[%clk 1:17:42]} 10. O-O
{[%clk 1:17:55]} O-O {[%clk 1:16:39]} 11. Rfd1 {[%clk 1:16:23]} Rc8
{[%clk 1:12:15]} 12. Rac1 {[%clk 1:01:10]} Qc7 {[%clk 1:00:27]} 13. h3
{[%clk 0:41:26]} Qb8 {[%clk 0:56:51]} 14. Ba1 {[%clk 0:39:11]} Rfd8
{[%clk 0:49:06]} 15. Nb5 {[%clk 0:30:25]} Rd7 {[%clk 0:41:32]} 16. d4
{[%clk 0:24:20]} cxd4 {[%clk 0:26:36]} 17. Nbxd4 {[%clk 0:13:45]} h6
{[%clk 0:20:44]} 18. Nxc6 {[%clk 0:13:46]} Rxd1+ {[%clk 0:20:04]} 19. Rxd1
{[%clk 0:13:50]} Bxc6 {[%clk 0:20:12]} 20. Ne5 {[%clk 0:13:08]} Bb7
{[%clk 0:14:36]} 21. Nd7 {[%clk 0:09:45]} Qa8 {[%clk 0:07:07]} 22. Nxf6+
{[%clk 0:05:51]} Bxf6 {[%clk 0:07:26]} 23. Bxf6 {[%clk 0:06:15]} gxf6
{[%clk 0:07:54]} 24. Bh5 {[%clk 0:04:11]} Be4 {[%clk 0:03:20]} 25. Qe2
{[%clk 0:03:59]} Rc5 {[%clk 0:02:01]} 26. Rd7 {[%clk 0:03:11]} Rg5
{[%clk 0:01:11]} 27. g4 {[%clk 0:01:17]} Rg7 {[%clk 0:00:40]} 28. Rd6
{[%clk 0:00:34]} Bh1 {[%clk 0:00:35]} 29. f4 {[%clk 0:00:50]} Qe4
{[%clk 0:00:37]} 30. Rd4 {[%clk 0:00:38]} Qc6 {[%clk 0:00:35]} 31. e4
{[%clk 0:00:33]} Qc5 {[%clk 0:00:50]} 32. Qf2 {[%clk 0:00:32]} Bxe4
{[%clk 0:00:50]} 33. Rxe4 {[%clk 0:00:58]} Qxh5 {[%clk 0:01:11]} 34. Rd4
{[%clk 0:00:40]} Qxh3 {[%clk 0:01:12]} 35. Rd8+ {[%clk 0:00:36]} Kh7
{[%clk 0:01:41]} 36. Qc2+ {[%clk 0:00:36]} f5 {[%clk 0:01:52]} 37. g5
{[%clk 0:00:56]} hxg5 0-1

[Event "Praha"]
[Site "?"]
[Date "2023.01.08"]
[Round "4.13"]
[White "Koridze, Lile"]
[Black "Mannion, Stephen R"]
[Result "1/2-1/2"]
[BlackElo "2224"]
[WhiteElo "2139"]
[LiveChessVersion "1.4.8"]

1. d4 d5 {[%clk 1:28:41]} 2. c4 {[%clk 1:31:24]} dxc4 {[%clk 1:29:07]} 3. Nf3
{[%clk 1:31:51]} Nf6 {[%clk 1:29:21]} 4. e3 {[%clk 1:31:55]} e6 {[%clk 1:29:40]}
5. Bxc4 {[%clk 1:31:42]} c5 {[%clk 1:30:01]} 6. O-O {[%clk 1:30:47]} a6
{[%clk 1:30:25]} 7. b3 {[%clk 1:30:23]} Nbd7 {[%clk 1:29:24]} 8. a4
{[%clk 1:26:36]} Be7 {[%clk 1:27:29]} 9. Bb2 {[%clk 1:25:27]} O-O
{[%clk 1:27:12]} 10. Qe2 {[%clk 1:21:55]} b6 {[%clk 1:19:35]} 11. Rd1
{[%clk 1:17:03]} Qc7 {[%clk 1:11:00]} 12. Nbd2 {[%clk 1:15:24]} Bb7
{[%clk 1:09:54]} 13. Rac1 {[%clk 1:14:24]} Qb8 {[%clk 1:04:10]} 14. Bd3
{[%clk 1:11:18]} Rd8 {[%clk 0:58:42]} 15. Nc4 {[%clk 1:07:18]} cxd4
{[%clk 0:35:48]} 16. exd4 {[%clk 1:02:51]} Bd5 {[%clk 0:35:25]} 17. Nfe5
{[%clk 0:57:51]} Qb7 {[%clk 0:33:12]} 18. f3 {[%clk 0:56:56]} Nf8
{[%clk 0:21:34]} 1/2-1/2

[Event "Praha"]
[Site "?"]
[Date "2023.01.08"]
[Round "4.14"]
[White "Stevik, Patrik"]
[Black "Compagnie, Luc"]
[Result "1-0"]
[BlackElo "2115"]
[WhiteElo "2222"]
[LiveChessVersion "1.4.8"]

1. Nf3 {[%clk 1:29:31]} f5 {[%clk 1:30:53]} 2. d3 {[%clk 1:28:57]} Nc6
{[%clk 1:31:08]} 3. e4 {[%clk 1:28:52]} e5 {[%clk 1:31:32]} 4. Nc3
{[%clk 1:28:52]} Nf6 {[%clk 1:31:57]} 5. Bg5 {[%clk 1:27:23]} Be7
{[%clk 1:31:18]} 6. Qd2 {[%clk 1:25:11]} d6 {[%clk 1:29:29]} 7. O-O-O
{[%clk 1:24:41]} O-O {[%clk 1:23:03]} 8. Rg1 {[%clk 1:20:22]} a6 {[%clk 1:09:09]}
9. Be2 {[%clk 1:17:05]} b5 {[%clk 1:07:12]} 10. exf5 {[%clk 1:14:50]} Bxf5
{[%clk 1:07:36]} 11. Bxf6 {[%clk 1:13:18]} Bxf6 {[%clk 1:07:50]} 12. g4
{[%clk 1:13:20]} Be6 {[%clk 1:07:10]} 13. g5 {[%clk 1:10:05]} Be7
{[%clk 1:07:34]} 14. Qe3 {[%clk 0:59:14]} Qd7 {[%clk 0:57:49]} 15. d4
{[%clk 0:55:06]} exd4 {[%clk 0:57:24]} 16. Nxd4 {[%clk 0:53:41]} Nxd4
{[%clk 0:57:46]} 17. Rxd4 {[%clk 0:49:19]} Rae8 {[%clk 0:50:28]} 18. Bg4
{[%clk 0:31:48]} Bxg4 {[%clk 0:33:05]} 19. Rdxg4 {[%clk 0:31:29]} Qf5
{[%clk 0:30:25]} 20. Nd1 {[%clk 0:27:11]} Bd8 {[%clk 0:28:05]} 21. Qd4
{[%clk 0:24:20]} Re2 {[%clk 0:23:42]} 22. Qc3 {[%clk 0:24:16]} c5
{[%clk 0:23:39]} 23. R4g3 {[%clk 0:19:20]} c4 {[%clk 0:18:59]} 24. a3
{[%clk 0:16:40]} Bb6 {[%clk 0:16:47]} 25. Kb1 {[%clk 0:16:05]} d5
{[%clk 0:10:54]} 26. Ne3 {[%clk 0:11:06]} Bxe3 {[%clk 0:08:24]} 27. fxe3
{[%clk 0:10:40]} Rxh2 {[%clk 0:08:47]} 28. Rc1 {[%clk 0:09:54]} Qg6
{[%clk 0:06:29]} 29. Rg4 {[%clk 0:07:49]} h5 {[%clk 0:05:32]} 30. Rd4
{[%clk 0:05:44]} Qxg5 {[%clk 0:05:50]} 31. Rcd1 {[%clk 0:06:06]} Rf5
{[%clk 0:05:21]} 32. e4 {[%clk 0:05:24]} dxe4 {[%clk 0:05:36]} 33. Rxe4
{[%clk 0:05:23]} Rhf2 {[%clk 0:05:09]} 34. Re8+ {[%clk 0:04:41]} Rf8
{[%clk 0:05:30]} 35. Re5 {[%clk 0:04:41]} R2f5 {[%clk 0:05:51]} 36. Ree1
{[%clk 0:04:35]} Rd8 {[%clk 0:04:50]} 37. Rc1 {[%clk 0:04:31]} Qf6
{[%clk 0:05:08]} 38. Qa5 {[%clk 0:03:36]} c3 {[%clk 0:04:52]} 39. b3
{[%clk 0:02:43]} Rf8 {[%clk 0:04:36]} 40. Qc7 {[%clk 0:00:47]} Rf7
{[%clk 0:04:03]} 41. Qc8+ {[%clk 0:29:39]} Rf8 {[%clk 0:31:45]} 42. Qc7
{[%clk 0:27:37]} h4 {[%clk 0:29:35]} 43. Rh1 {[%clk 0:23:57]} Rf4
{[%clk 0:28:48]} 44. Rcg1 {[%clk 0:22:14]} g5 {[%clk 0:28:55]} 45. Qc5
{[%clk 0:13:45]} Rf5 {[%clk 0:29:18]} 46. Qe3 {[%clk 0:13:58]} Kh7
{[%clk 0:27:26]} 47. Rd1 {[%clk 0:13:03]} Rf7 {[%clk 0:24:54]} 48. Qe4
{[%clk 0:11:25]} Qe7 {[%clk 0:23:28]} 49. Qd3 {[%clk 0:10:58]} Qf6
{[%clk 0:22:21]} 50. Rdf1 {[%clk 0:11:00]} Kh6 {[%clk 0:21:34]} 51. Rxf5
{[%clk 0:11:00]} Qxf5 {[%clk 0:22:02]} 52. Qxc3 {[%clk 0:11:25]} Qf3
{[%clk 0:22:04]} 53. Qe1 {[%clk 0:11:25]} Rf6 {[%clk 0:21:16]} 54. Rg1
{[%clk 0:10:43]} Qf2 {[%clk 0:18:49]} 55. Qc1 {[%clk 0:09:44]} Rf4
{[%clk 0:18:52]} 56. Rd1 {[%clk 0:09:38]} h3 {[%clk 0:17:09]} 57. Qb2
{[%clk 0:06:26]} Kh5 {[%clk 0:16:54]} 58. Qh8+ {[%clk 0:02:51]} Kg4
{[%clk 0:17:06]} 59. Rh1 {[%clk 0:02:03]} Qg2 {[%clk 0:13:17]} 60. Qc8+
{[%clk 0:02:31]} Rf5 {[%clk 0:07:05]} 61. Rd1 {[%clk 0:02:59]} Qf3
{[%clk 0:06:52]} 62. Rg1+ {[%clk 0:03:18]} Kh4 {[%clk 0:06:45]} 63. Qh8+
{[%clk 0:02:30]} Qh5 {[%clk 0:07:14]} 64. Qc3 {[%clk 0:02:50]} Qf3
{[%clk 0:03:43]} 65. Qh8+ {[%clk 0:03:13]} Qh5 {[%clk 0:04:12]} 66. Qc3
{[%clk 0:03:36]} g4 {[%clk 0:02:51]} 67. Qe3 {[%clk 0:00:49]} Qg5
{[%clk 0:02:56]} 68. Qg3+ {[%clk 0:01:11]} Kh5 {[%clk 0:03:25]} 69. Qc7
{[%clk 0:01:05]} Qf6 {[%clk 0:02:26]} 70. Qh7+ {[%clk 0:01:19]} Kg5
{[%clk 0:02:46]} 71. Qxh3 {[%clk 0:01:28]} Qd4 {[%clk 0:02:46]} 72. Qh1
{[%clk 0:01:36]} Qf2 {[%clk 0:02:50]} 73. Rd1 {[%clk 0:00:53]} Rc5
{[%clk 0:02:19]} 74. Qh7 {[%clk 0:01:17]} g3 75. Qe7+ Kg4 76. Qe4+ 1-0

[Event "Praha"]
[Site "?"]
[Date "2023.01.08"]
[Round "4.15"]
[White "Schouten, Mathias Lind"]
[Black "Soural, Jan"]
[Result "1/2-1/2"]
[BlackElo "2206"]
[WhiteElo "2044"]
[LiveChessVersion "1.4.8"]

1. d4 {[%clk 1:28:11]} Nf6 {[%clk 1:30:49]} 2. c4 {[%clk 1:28:27]} g6
{[%clk 1:31:10]} 3. Nc3 {[%clk 1:28:54]} Bg7 {[%clk 1:31:16]} 4. e4
{[%clk 1:29:19]} d6 {[%clk 1:31:41]} 5. Nf3 {[%clk 1:29:44]} O-O {[%clk 1:32:05]}
6. Be2 {[%clk 1:30:12]} Bg4 {[%clk 1:32:26]} 7. Be3 {[%clk 1:30:27]} Nfd7
{[%clk 1:32:32]} 8. Ng1 {[%clk 1:30:50]} Bxe2 {[%clk 1:32:41]} 9. Ngxe2
{[%clk 1:31:07]} c5 {[%clk 1:24:59]} 10. O-O {[%clk 1:28:13]} cxd4
{[%clk 1:20:31]} 11. Nxd4 {[%clk 1:20:35]} Nc6 {[%clk 1:19:56]} 12. Nde2
{[%clk 1:17:03]} a6 {[%clk 1:11:25]} 13. Qd2 {[%clk 1:06:50]} Rb8
{[%clk 1:07:46]} 14. Rac1 {[%clk 1:03:26]} b5 {[%clk 0:55:17]} 15. cxb5
{[%clk 1:03:41]} axb5 {[%clk 0:55:40]} 16. Nd5 {[%clk 1:03:40]} Nce5
{[%clk 0:54:03]} 17. b3 {[%clk 1:03:58]} Nc5 {[%clk 0:51:52]} 18. f3
{[%clk 0:59:52]} e6 {[%clk 0:44:20]} 19. Nb4 {[%clk 0:52:20]} Qb6
{[%clk 0:38:25]} 20. Rfd1 {[%clk 0:52:13]} Rfd8 {[%clk 0:38:03]} 21. Qe1
{[%clk 0:19:26]} Bh6 {[%clk 0:25:21]} 22. Qf2 {[%clk 0:14:30]} Bxe3
{[%clk 0:21:33]} 23. Qxe3 {[%clk 0:14:56]} Na6 {[%clk 0:17:10]} 24. Qxb6
{[%clk 0:14:46]} Rxb6 {[%clk 0:17:38]} 25. Nxa6 {[%clk 0:09:59]} Rxa6
{[%clk 0:18:07]} 26. Nc3 {[%clk 0:10:07]} b4 {[%clk 0:15:28]} 1/2-1/2